000 01110nam a2200337 i 4500
003 EG-ScBUE
005 20260124101446.0
008 160320t2009 ii a frbd 001 0 eng d
020 _a9789380026367
040 _aEG-ScBUE
_beng
_erda
_cEG-ScBUE
_dEG-ScBUE
082 0 4 _a572.86
_bSHA
_222
100 1 _aSharma, T. R.,
_eauthor.
_939612
245 1 0 _aGenome analysis and bioinformatics :
_ba practical approach /
_cT. R. Sharma.
264 1 _aNew Delhi :
_bI. K. International Publishing House Pvt. Ltd.,
_c[2009]
264 4 _cc2009
300 _axx, 202 pages :
_billustrations ;
_c24 cm
336 _2rdacontent
_atext
_btxt
337 _aunmediated
_2rdamedia
_bn
338 _avolume
_bnc
_2rdacarrier
500 _aIncludes glossary.
500 _aIncludes appendix.
504 _aIncludes bibliographical references and index.
650 7 _aDNA
_xAnalysis.
_2BUEsh
650 7 _aDNA fingerprinting.
_2BUEsh
_939537
650 7 _aBioinformatics.
_2BUEsh
_95545
650 7 _aGenomes.
_2BUEsh
_918395
651 _2BUEsh
653 _bPPhrm
_cMarch2016
655 _vReading book
942 _2ddc
_cBB
999 _c21462
_d21434